| 000 | 00957nas a2200301 4500 | ||
|---|---|---|---|
| 001 | BR0501782 | ||
| 003 | BR-BrBNA | ||
| 005 | 20231205105220.0 | ||
| 007 | ta | ||
| 008 | 230509b bl.|||p| |||| 00| 00por d | ||
| 040 |
_aBR-BrBNA _bpor _cBiblioteca Nacional de Agricultura |
||
| 041 | _a(Pt) | ||
| 072 | _aQ03 | ||
| 100 | 1 | _aPereira, C.S. | |
| 100 | 1 | _aPossas, C. de A. | |
| 100 | 1 | _aViana, C.M. | |
| 100 | 1 | _aRodrigues, D. dos P. | |
| 245 | 1 | _aAeromonas spp. E Plesiomonas shigelloides isoladas a partir de mexilhões (Perna perna)in natura e pré-cozidos no Rio de Janeiro, RJ | |
| 650 | _aMEXILHÃO | ||
| 650 | _aMOLUSCO | ||
| 650 | _aANÁLISE MICROBIOLÓGICA | ||
| 650 | _aMICRORGANISMO | ||
| 650 | _aBACTÉRIA | ||
| 650 | _aRIO DE JANEIRO | ||
| 773 | 0 |
_tCiência e Tecnologia de Alimentos (Brazil) _xISSN 0101-2061 _g(Oct-Dec 2004), v. 24(4) p. 562-566 _wBR0501782 |
|
| 909 |
_a202311 _bLúcia _c55 _dLúcia Elande |
||
| 942 |
_2AGRIS _n0 _cANA |
||
| 999 |
_c181808 _d181808 |
||